01136nam a2200181Ia 4500008004100000020001500041050002200056100003500078245005500113260003800168300001800206500005400224500005000278504003300328505052800361650004200889650002300931120626s1961 mx 000 0 spa d a968853109X aBF173 bF617 2003 aFreud, Anna d1895-1982eautor aEl yo y los mecanismos de defensa c / Anna Freud  aMexico bPaidos Mexicana c, 1961 a199 páginas aTítulo original: Das Ich und Abwehrmechanismem  aIncluye : Prólogo / Prefacio / Conclusiones aBibliografía (pp. 194-199) aEl yo como objeto de observación Aplicación de la técnica analítica al estudio de las instancias psíquicas Las actividades defensivas del yo como objeto del análisis Mecanismo de defensa Orientación de los procesos de defensa segpun el origen de la ansiedad y del peligro La negación en la defensa La negación en actos y palabras Restricción del yo La identificación con el agresor Una forma de altruismo El yo y el ello en la pubertad La angustia instintiva durante la pubertad  0aMECANISMOS DE DEFENSA (PSICOLOGÍA)  0aEGO (PSICOLOGÍA)